Bayonetta Characters - Statistics

General Stats
  • This quiz has been taken 37 times
  • The average score is 14 of 28
Answer Stats
Hint Answer % Correct
Umbra Witch and holder of the Left Eye Bayonetta
100%
Heir to the Umbra Throne and rival to the holder of the Left Eye Jeanne
83%
Peculiar child convinced the first answer is her mummy Cereza
79%
Gates of Hell shopkeep and local fallen angel Rodin
79%
Amphibious Infernal demon who partners with the first Arch Eve in Cairo Baal
75%
Father of the title character, adopts a mask in the second game Balder
75%
Young boy who's lost his memory deadset on reaching Fimbulventr Loki
75%
Journalist with an interest in the supernatural Luka
75%
Infernal Demon who serves as her contractor Madama Butterfly
75%
Suspicious character indebted to the above Enzo
67%
Mother of the first answer Rosa
58%
Umbra witch in training from the third game Viola
58%
Dea of the Hierarchy of Laguna, the Creator Jubileus
46%
An uncanny demon who she has a close bond with Cheshire
42%
His not so nice counterpart Loptr
42%
Villain of Bayonetta 3 Singularity
42%
God of Chaos Aesir
33%
Whisperer of Dementia, archenemy of answer #2 Alraune
33%
Infernal demon who serves as her contractor Madama Styx
33%
Scientist located to stop the destruction of the multiverse Midmyers Sigurd
33%
Cardinal virtue, Manipulator of Wind Temperantia
33%
Kids of the above Ed and Edna
29%
Cardinal virtue, Giver of Life Iustitia
29%
Cardinal virtue, Bringer of Flame Fortitudo
25%
Cardinal virtue, Controller of Seas Sapientia
25%
Arachnid Infernal demon who partners with Arch Eve in Tokyo Phantasmaraneae
21%
Father of the above Antonio
17%
Infernal demon who serves as her contractor Madama Khepri
17%
No matching quizzes found
Score Distribution
Percent of People with Each Score
Percentile by Number Answered
Your Score History
You have not taken this quiz